WTO and international trade (Record no. 42088)

MARC details
000 -LEADER
fixed length control field 00307nam a2200121Ia 4500
020 ## - INTERNATIONAL STANDARD BOOK NUMBER
ISBN 8125910050
082 ## - DEWEY DECIMAL CLASSIFICATION NUMBER
Classification number 339.52
Item number RAO
100 ## - MAIN ENTRY--AUTHOR NAME
Personal name Rao, M B
245 #0 - TITLE STATEMENT
Title WTO and international trade
260 ## - PUBLICATION, DISTRIBUTION, ETC. (IMPRINT)
Place of publication New Delhi
Name of publisher Vikas Publishing House
Year of publication 2001
942 ## - ADDED ENTRY ELEMENTS (KOHA)
Koha item type Books
Holdings
Withdrawn status Lost status Damaged status Not for loan Home library Current library Date acquired Cost, normal purchase price Full call number Accession Number Koha item type
        RRII Library RRII Library 16/12/2021 1200.00 339.52 RAO 22365 Books